00887nam a2200181Ia 4500008004100000041001200041082001600053100001500069245004200084260003100126300000900157650001900166942000700185999001500192952016900207952016000376952016900536221030s9999 xx 000 0 und d aEnglish a105.23bBal aN. P. Bali 0aComprehensive Engineering Mathematics bLaxmi PubaNew Delhic1999 a1055 aBE Mathematics cBK c1697d1697 pBE 356g170.00l0o105.23 Balr2024-06-13 00:00:00w2022-10-30yBK003Print4070aMIETLIBbMIETLIBcBL-Academic Block C, FL-2, CUP-9, SH-3, R-3d1999-11-1210HBE pBE 357g170.00l0o105.23 Balr2024-06-13 00:00:00w2022-10-30yBK003Print4071aMIETLIBbMIETLIBcBL-Second, FL-1, CUP-17, SH-4, R-4d1999-11-1210HBE pBE 358g170.00l0o105.23 Balr2024-06-13 00:00:00w2022-10-30yBK003Print4070aMIETLIBbMIETLIBcBL-Academic Block C, FL-2, CUP-6, SH-4, R-4d1999-11-1210HBE